A practical approach to landlord and tenant (Record no. 108622)

MARC details
000 -LEADER
fixed length control field 03115cam a22002895a 4500
001 - CONTROL NUMBER
control field L144827
008 - FIXED-LENGTH DATA ELEMENTS--GENERAL INFORMATION
fixed length control field 080812s2008 xxkAK f V 001 0 eng d
020 ## - INTERNATIONAL STANDARD BOOK NUMBER
International Standard Book Number 9780199535118
035 ## - SYSTEM CONTROL NUMBER
System control number (Sirsi) u144827
041 0# - LANGUAGE CODE
Language code of text/sound track or separate title eng
050 04 - LIBRARY OF CONGRESS CALL NUMBER
Classification number 346.410434 $2 22
100 1# - MAIN ENTRY--PERSONAL NAME
Personal name Garner, Simon
245 02 - TITLE STATEMENT
Title A practical approach to landlord and tenant
250 ## - EDITION STATEMENT
Edition statement 5th ed.
260 ## - PUBLICATION, DISTRIBUTION, ETC.
Place of publication, distribution, etc. Oxford
Name of publisher, distributor, etc. Oxford University Press
Date of publication, distribution, etc. 2008
300 ## - PHYSICAL DESCRIPTION
Extent lv, 706 p.
Other physical details ill.
Dimensions 25cm.
490 #0 - SERIES STATEMENT
Series statement A Practical Approach
505 2# - FORMATTED CONTENTS NOTE
Formatted contents note The client -- The basics -- The distinction between a lease and a licence -- Creating a tenancy -- Introduction to obligation in leases -- Implied obligations -- Express obligations -- Repairing -contractual obligations -- Repair - common law and statutory duties -- Assignment and sub-letting - continuous obligations -- Termination of tenancies: an overview - the common law rules -- Forfeiture -- Introduction to the statutory codes -- The Rent Act 1977 - 1.protected tenancies -- The Rent Act 1977 - 2.recovery of possession by the landlord -- The Housing Act 1988 - 1.assured tenancies -- The Housing Act 1988 - 2.recovery of possession by the landlord -- The Housing Act 1985 - 1.secure tenancies -- The Housing Act 1985 - 2.recovery of possession by the landlord -- Protection from eviction -- Licensing and control of residential premises -- Long residential leases at low rents -- Management and service charges in long leases -- Enfranchisement and leasehold extension -- Commonhold -- Business tenancies -- Agricultural holdings -- Farm business tenancies -- Residential protection of agricultural workers -- You practice
520 ## - SUMMARY, ETC.
Summary, etc. Provides a systematic guide to the principles and practice of land and property law, with practical advice and tips on issues likely to arise in practice. Ideal for student and practitioner alike. Covers the basics of landlord and tenant law. Gives detailed treatment for both the common law and the statutory codes. Explains and analyses diverse areas as leases, tenancy, assignment and subletting, agricultural holdings, business tenancies, and eviction. Includes up to date case law, the various statutory codes applying to both residential and business tenancies, key documents with key points highlighted. This fifth edition has been revised to include a new chapter on the 2004 Housing Act, explaining specific provisions of the new Act as they relate to areas such as secure tenancy, and possession. Gives detailed guidance on the Tenancy Deposit Scheme. Considers the impact of the Commonhold and Leasehold Reform Act 2002, now in force. Explains the mechanism of the Commercial Rent Arrears Recovery scheme for business tenancies. Very much a practical guide, this title makes frequent use of examples, checklists, forms and precedents, specifically designed to assist the busy professional and student.
520 ## - SUMMARY, ETC.
Summary, etc. Superseded by sixth edition (ISBN 9780199589197).
521 20 - TARGET AUDIENCE NOTE
Target audience note Advanced
590 ## - LOCAL NOTE (RLIN)
Local note KA
651 #4 - SUBJECT ADDED ENTRY--GEOGRAPHIC NAME
Geographic name England and Wales
Chronological subdivision 1543-
690 ## - LOCAL SUBJECT ADDED ENTRY--TOPICAL TERM (OCLC, RLIN)
Topical term or geographic name as entry element PROPERTY-LANDLORD AND TENANT
700 1# - ADDED ENTRY--PERSONAL NAME
Personal name Frith, Alexandra
942 ## - ADDED ENTRY ELEMENTS (KOHA)
Suppress in OPAC 0
Holdings
Withdrawn status Lost status Source of classification or shelving scheme Damaged status Not for loan Home library Current library Shelving location Date acquired Total Checkouts Full call number Barcode Date last seen Date last checked out Copy number Price effective from Koha item type
    Dewey Decimal Classification     London London Basement 12/08/2008 12 346.410434 GAR 30076044 06/08/2019 12/02/2010 3 06/08/2019 Book